000 00726nam a2200229 a 4500
001 BRCA_2021
005 20190320203634.0
008 170608s1845----fr-a######---#000-1#fre-#
041 _afre
044 _afr
050 4 _aPQ2173
_b.S65
_c1845
245 1 0 _aSplendeurs et miseres des courtisanes
_cH. de Balzac.
260 _aViena
_bManz
_c1845
300 _a2 v.
_c18 cm.
440 0 _aUn drame dans les prisons. La derniere incarnation de Vautrin.
_96174
500 _aEstado FĂ­sico: v.2. se encuentra deteriorado.
500 _aI9
505 0 _aContenido: v.1. Esther. -- v.2. Un drame dans les prision. La derniere incarnation de Vautrin.
650 1 4 _aLiteratura francesa
_96175
902 _aGFM
942 _2lcc
_cB
999 _c1787
_d1787